| 000 | 00527nam a2200181 4500 | ||
|---|---|---|---|
| 001 | 126252 | ||
| 003 | ES-MaACL | ||
| 007 | t| | ||
| 008 | 070214s1980 sp r ||||1| spa d | ||
| 100 | 1 |
_aRecarte, Alberto. _995738 |
|
| 245 | 1 | 0 |
_aCuba _b: economÃa y poder : (1959-1980) / _cAlberto Recarte. |
| 260 |
_aMadrid : _bAlianza, _c1980. |
||
| 300 |
_a235 p. ; _c20 cm. |
||
| 490 | 1 |
_aAlianza universidad ; _v285 |
|
| 830 | 0 |
_aAlianza universidad ; _v285 _9177276 |
|
| 852 |
_aES-MaACL _jL-529 _bR.101199 |
||
| 999 |
_c126252 _d126252 |
||